| 000 | 00994nas a2200325 4500 | ||
|---|---|---|---|
| 001 | BR0702801 | ||
| 003 | BR-BrBNA | ||
| 005 | 20231205110821.0 | ||
| 007 | ta | ||
| 008 | 230509b bl.|||p| |||| 00| 00por d | ||
| 040 |
_aBR-BrBNA _bpor _cBiblioteca Nacional de Agricultura |
||
| 041 | _a(Pt) | ||
| 072 | _aL73; L70; L50 | ||
| 100 | 1 | _aCosta, J.N. | |
| 100 | 1 | _aPeixoto, A.P.C. | |
| 100 | 1 | _aFreitas, M. | |
| 100 | 1 | _aFerreira, A.F.M.S.C. | |
| 245 | 1 | _aAvaliação clínico-laboratorial de bezerros da raça Jersey submetidos a tratamento profilático contra anaplasmose bovina | |
| 650 | _aGADO JERSEY | ||
| 650 | _aBEZERRO LEITEIRO | ||
| 650 | _aANAPLASMOSE | ||
| 650 | _aPROFILAXIA | ||
| 650 | _aINJEÇÃO | ||
| 650 | _aMEDICAMENTO | ||
| 650 | _aIMUNIZAÇÃO | ||
| 650 | _aBIOQUÍMICA ANIMAL | ||
| 773 | 0 |
_tHora Veterinária (Brasil) _xISSN 0101-9163 _g(Nov-Dec 2005), v. 25(148) p. 24-27 _wBR0702801 |
|
| 909 |
_a202311 _bLúcia _c55 _dLúcia Elande |
||
| 942 |
_2AGRIS _n0 _cANA |
||
| 999 |
_c189214 _d189214 |
||